000 00400nam a22001217a 4500
082 _a200 THE
100 _aAmna Waheed Awan
_970714
245 _aTH-SOF-1074-EXTRACTION OF BLOOD VESSELS FROM DISEASED FUNDUS IMAGES
260 _aISLAMABAD
_bNUST COLLEGE OF EME
_c2015
650 _a MS-COMPUTER ENGINEERING-77 MSTHESIS
_969779
700 _aSUPERVISOR Dr. Muhammad Usman Akram
_969721
942 _cCF
999 _c577620
_d577620